000 01134nam a2200241 a 4500
001 21382
003 CO-ViMGA
008 141112s2004 ck r 000 u spa d
020 _a9706864865
040 _aCO-ViMGA
_bspa
_cCO-ViMGA
082 0 4 _a152.1 G653
100 1 _aGoldstein, E. Bruce
_930529
245 1 0 _aSensación y percepción
250 _a6
260 _aMexico; Thomson,
_c2005
300 _a684
505 _aIntriducción a la percepción El proceso de la percepción 2 - - Receptores y procesamiento neuronal El estímulo para la visiín y la estructura del sistema visual 37 - - Percepción de objetos El enfoque de la Gestalt sobre la organización perceptual : modo en el que los elementos se agrupan 146 - - Percepción de la profundidad y del tamaño Claves binoculares de profundidad 233 - - Percepción del habla El estímulo del habla 410
590 _aForma de adquisición : Compra fact. 0864 - - Precio : 69000 - - Proveedor : Temas y libros - - Fecha de adquisición : Mayo 2007
650 1 4 _aPERCEPCION
_927358
650 1 4 _aPSICOFISIOLOGIA
_99348
650 1 4 _aSENTIDOS
_93311
942 _2ddc
_cBK
999 _c29998
_d29998